00473nam a2200181 a 4500001001300000003000900013005001700022008004100039020002300080082001400103100001400117245003600131260003900167300000900206500003500215650002700250700001400277nice12345678IN_TiNIC20260116014044.0050524s2004 lona grp 000 0 eng  a0710016298 c29500a150bJUN4 aJung, C G aModertn Man in Search of a Soul aLondonbRoutledge and Kegan c2004 a282p aincludes index and biblioraphy aPsychology-Behavioural1 aJung, C G